| 000 | 02654cam a22004334a 4500 | ||
|---|---|---|---|
| 001 | 14455301 | ||
| 003 | BJBSDDR | ||
| 005 | 20260424122124.0 | ||
| 007 | ta | ||
| 008 | 060717s2006 nyua b 001 0deng | ||
| 010 | _a 2006023523 | ||
| 020 |
_a9781557836526 _qpbk. original |
||
| 020 |
_a1557836523 _qpbk. original |
||
| 035 | _a14455301 | ||
| 040 |
_aDLC _cDLC _dDLC _beng |
||
| 041 | _aeng | ||
| 043 | _an-us--- | ||
| 050 | 0 | 0 |
_aPN2053 _bC734c 2006 |
| 082 | 0 | 0 |
_a792.02/32 _222 |
| 245 | 0 | 4 |
_aThe Commercial Theater Institute guide to producing plays and musicals / _cedited by Frederic B. Vogel and Ben Hodges. |
| 260 |
_aNew York : _bApplause Theatre & Cinema Books, _cc2006. |
||
| 300 |
_a404 p. : _bill. ; _c23 cm. |
||
| 336 |
_atext _btxt _2rdacontent |
||
| 337 |
_aunmediated _bn _2rdamedia |
||
| 338 |
_avolume _bnc _2rdacarrier |
||
| 504 | _aIncludes bibliographical references and index. | ||
| 520 | _aNow in its 25th year, the Commercial Theater Institute sponsors an annual intensive program in New York for individuals interested in producing or investing in the theatre that attracts people from all over the world. The top working theatre professionals offer hard, factual information to those interested in producing for Broadway, Off-Broadway, Off-Off-Broadway, anywhere in North America, as well as in the United Kingdom. The Commercial Theater Institute Guide to Producing Plays and Musicals now collects for the first time the cream of the crop of that advice, from the noted theatre professionals who participate in the program, in their own words. Interviews, contributions, and a resource directory are included from 30 theatre professionals who have won a total of 45 Tony Awards. Agents, directors, production designers, general managers, fundraisers, marketing directors, producers, and theatrical attorneys all offer invaluable advice in a book that will be the definitive resource in its field | ||
| 650 | 0 |
_aTheater _xProduction and direction. |
|
| 650 | 0 |
_aMusicals _xProduction and direction. |
|
| 650 | 0 |
_aTheatrical producers and directors _zUnited States _vInterviews. |
|
| 700 | 1 |
_aVogel, Frederic B., _d1925-2005 _948126 |
|
| 700 | 1 |
_aHodges, Ben, _d1958- _q(Benjamin A.) _948128 |
|
| 710 | 2 | _aCommercial Theater Institute. | |
| 856 | 4 | 1 |
_3Table of contents only _uhttp://www.loc.gov/catdir/toc/ecip0617/2006023523.html |
| 906 |
_a7 _bcbc _corignew _d1 _eecip _f20 _gy-gencatlg |
||
| 942 |
_2lcc _cBK _n0 |
||
| 999 |
_c126923 _d126923 |
||